| Tag |
First Indicator |
Second Indicator |
Subfields |
| LEADER |
00000cam a2200000 a 4500 |
| 001 |
in00000025946 |
| 005 |
20151007055739.0 |
| 008 |
850905s1984 sz a b 10010 eng |
| 010 |
|
|
|a 85201110
|
| 035 |
|
|
|a (OCoLC)13218261
|
| 035 |
|
|
|9 AAB9138AM
|
| 040 |
|
|
|a DLC
|c DLC
|d m/c
|d TXA
|d UtOrBLW
|
| 049 |
|
|
|a TXAM
|c [A11670344]
|
| 050 |
0 |
0 |
|a QC770
|b .E82 no. 84-09
|
| 082 |
0 |
|
|a 539.7 s
|a 539.7/212
|2 19
|
| 111 |
2 |
|
|a Topical Workshop on Proton-Antiproton Collider Physics
|n (4th :
|d 1984 :
|c Bern, Switerland)
|
| 245 |
1 |
0 |
|a Fourth Topical Workshop on Proton-Antiproton Collider Physics, Berne, 5-8 March 1984 :
|b proceedings /
|c editors, H. Hänni, J. Schacher.
|
| 264 |
|
1 |
|a Geneva :
|b European Organization for Nuclear Research,
|c 1984.
|
| 300 |
|
|
|a xiv, 580 pages :
|b illustrations ;
|c 30 cm.
|
| 336 |
|
|
|a text
|b txt
|2 rdacontent
|
| 337 |
|
|
|a unmediated
|b n
|2 rdamedia
|
| 338 |
|
|
|a volume
|b nc
|2 rdacarrier
|
| 490 |
1 |
|
|a CERN ;
|v 84-09
|
| 500 |
|
|
|a "8 August 1984."
|
| 504 |
|
|
|a Includes bibliographies.
|
| 650 |
|
0 |
|a Proton-antiproton colliders
|x Congresses.
|
| 650 |
|
0 |
|a Particles (Nuclear physics)
|v Congresses.
|
| 650 |
|
0 |
|a Intermediate bosons
|x Congresses.
|
| 650 |
|
0 |
|a Jets (Nuclear physics)
|x Congresses.
|
| 700 |
1 |
|
|a Hänni, H.
|q (Hans)
|
| 700 |
1 |
|
|a Schacher, J.
|q (Jürg)
|
| 830 |
|
0 |
|a CERN (Series) ;
|v 84-09.
|
| 999 |
|
|
|a MARS
|
| 999 |
f |
f |
|s ee5f3f57-1167-3588-89c6-f942d6802c9c
|i 67040538-d056-38f4-bd10-b3678cd06f78
|t 0
|
| 952 |
f |
f |
|p ric
|a Texas A&M University
|b Rellis Campus
|c Joint Library Facility
|d Remote Storage
|t 0
|e QC770 .E82 no.84-09
|h Library of Congress classification
|i unmediated -- volume
|m A14811670344
|
| 998 |
f |
f |
|a QC770 .E82 no.84-09
|t 0
|l Remote Storage
|